Normal view
MARC view
- Canada Centre for Mineral and Energy Technology
Entry Corporate Name
001 - CONTROL NUMBER
- control field: 42776
003 - CONTROL NUMBER IDENTIFIER
- control field: NUST
005 - DATE AND TIME OF LATEST TRANSACTION
- control field: 20210314132423.0
008 - FIXED-LENGTH DATA ELEMENTS
- fixed length control field: 210314|| aca||aabn | a|a d
040 ## - CATALOGING SOURCE
- Original cataloging agency: NUST
- Transcribing agency: NUST
110 ## - HEADING--CORPORATE NAME
- Corporate name or jurisdiction name as entry element: Canada Centre for Mineral and Energy Technology
670 ## - SOURCE DATA FOUND
- Source citation: Work cat.: (NUST): Malhotra, V.M 41066, Superplasticizers and other chemical admixtures in concrete :, c1989.
